Từ vựng học tiếng việt

Đã lưu trong:
书目详细资料
主要作者: Nguyễn, Thiện Giáp
格式: 图书
语言:Undetermined
出版: Hà Nội Giáo dục 2003
主题:
标签: 添加标签
没有标签, 成为第一个标记此记录!
Thư viện lưu trữ: Trung tâm Học liệu Trường Đại học Cần Thơ
LEADER 00660nam a2200229Ia 4500
001 CTU_64253
008 210402s9999 xx 000 0 und d
020 |b 17800 
082 |a 495.9225 
082 |b Gi109 
100 |a Nguyễn, Thiện Giáp 
245 0 |a Từ vựng học tiếng việt 
245 0 |c Nguyễn Thiện Giáp 
260 |a Hà Nội 
260 |b Giáo dục 
260 |c 2003 
526 |a Từ vựng học tiếng Việt 
526 |b SG295 
650 |a Vietnamese language 
650 |x Glossaries, vocabularies 
904 |i TUYẾN 
980 |a Trung tâm Học liệu Trường Đại học Cần Thơ